The monkey handlers

Bibliographic Details
Main Author: Liddy, G.Gordon
Format: Book
Published: New York : St. Martin's Press , 1990
Subjects:

MARC

LEADER 00000cam a2200000 7i4500
001 0000000708
002 000000804
005 20000330.0
020 |a 0312051271 
090 0 0 |a F   |b LID 
100 1 |a Liddy, G.Gordon 
245 1 4 |a The monkey handlers   |c G. Gordan Liddy 
260 |a New York :   |b St. Martin's Press ,   |c 1990 
300 |a 338 p. ;   |c 24 cm. 
650 0 0 |a Thriller fiction 
999 |a 00107047   |b BUKU   |c FICTION   |e PERPUSTAKAAN KOMUNITI PETALING JAYA